Online Catalogue and eLibrary

Gender and Transformation (Record no. 1575)

MARC details
000 -LEADER
fixed length control field 00395nam a2200169Ia 4500
005 - DATE AND TIME OF LATEST TRANSACTION
control field 20250115040241.0
008 - FIXED-LENGTH DATA ELEMENTS--GENERAL INFORMATION
fixed length control field 240331s9999 xx 000 0 und d
082 ## - DDC Classification
Item Number - Author Mark GEN
DDC Edition Number 4732
Class No. 305.3
245 #0 - TITLE STATEMENT
Title Gender and Transformation
260 ## - PUBLICATION, DISTRIBUTION, ETC.
Place of publication, distribution, etc. Mumbai
Name of publisher, distributor, etc. VIKALP
300 ## - PHYSICAL DESCRIPTION
Extent (e.g. Volumes, Pages etc.) v, 210 p.,
650 ## - SUBJECT ADDED ENTRY--TOPICAL TERM
Topical term or geographic name entry element Gender
650 ## - SUBJECT ADDED ENTRY--TOPICAL TERM
Topical term or geographic name entry element Women
650 ## - SUBJECT ADDED ENTRY--TOPICAL TERM
Topical term or geographic name entry element Transformation
700 ## - ADDED ENTRY--PERSONAL NAME
Personal name Muricken, A
Relator term (Role) Editor
942 ## - Koha item type (Biblio)
Koha item type Books in Stacks (Lending)
Holdings
Lost status Damaged status Collection code Home library Current library Shelving location Date acquired Full call number Accession Number Item type
    Lending WERC Library WERC Library Social Science Cupboard 03/31/2024 305.3 GEN 4732 Books in Stacks (Lending)

© WERC Library